000 00591nam a2200205 i 4500
001 29022
003 ES-MaACL
005 20230906153951.0
007 t|
008 030120s1968 sp ||||1| spa d
245 0 0 _aBalance del primer plan de desarrollo.
260 _aMadrid :
_bEdiciones del Movimiento,
_c1968.
300 _a137 p. ;
_c23 cm.
490 1 _aNuevo horizonte
651 4 _aEspaña-
_xPolítica económica-
_y1939-1975.
_9169436
710 2 _aEdiciones del Movimiento.
_9171800
830 1 _aNuevo horizonte
_9181183
852 _aES-MaACL
_jC-46729
999 _c29022
_d29022